Princeton Alumni - Statistics

General Stats
  • This quiz has been taken 12 times
  • The average score is 17 of 44
Answer Stats
Hint Answer % Correct
35th President of the United States from 1961 until his assassination in 1963 John F. Kennedy
100%
28th President of the United States from 1913 to 1921 Woodrow Wilson
100%
First lady of the United States from 2009 to 2017 Michelle Obama
91%
Third vice president of the United States from 1801 to 1805 who killed Alexander Hamilton in a duel Aaron Burr
82%
Fourth president of the United States from 1809 to 1817 and Founding Father James Madison
82%
Founder of Amazon and one the wealthiest person in the world Jeff Bezos
82%
Computer pioneer who played a crucial role in cracking intercepted coded messages during World War II who later got proesecuted for his homosexuality Alan Turing
73%
Secretary of Defense from 1975 to 1977 and again from 2001 to 2006 Donald Rumsfeld
55%
Actor, "It's a Wonderful Life" "Mr. Smith Goes to Washington" "Vertigo" James Stewart
55%
Associate justice of the Supreme Court since 2009 Sonia Sotomayor
55%
Senator from Texas since 2013 Ted Cruz
55%
Snowboarderand two-time Olympic gold medalist Chloe Kim
45%
Writer, "The Great Gatsby" "This Side of Paradise" F. Scott Fitzgerald
45%
Secretary of Defense since 2025 and former television presenter ("Fox & Friends" from 2017 to 2024) Pete Hegseth
45%
Senator from Pennsylvania since 2025 Dave McCormick
36%
Associate justice of the Supreme Court since 2010 Elena Kagan
36%
Director known for working with his brother, "The Big Lebowski" "No Country for Old Men" Ethan Coen
36%
Chair of the Federal Reserve since 2018 Jerome Powell
36%
Mathematician who was awarded the Nobel Memorial Prize in Economics who was portrayed by Russell Crowe in "A Beautiful Mind" John Forbes Nash Jr.
36%
Associate justice of the Supreme Court since 2006 Samuel Alito
36%
Actor best known for his role as Fox Mulder in "The X-Files" David Duchovny
27%
Actress known for her role as Erin Hannon in "The Office" Ellie Kemper
27%
Governor of Colorado since 2019 Jared Polis
27%
Head coach of the Dallas Cowboys from 2011 to 2019 Jason Garrett
27%
Senator from Oregon since 2009 Jeff Merkley
27%
Soccer coach who coached Leeds United, RB leipzig, Red Bull Salzburg and New York Red Bulls Jesse Marsch
27%
First Hispanic actor to win an Academy Award, "Cyrano de Bergerac" José Ferrer
27%
Governor of Indiana from 2005 to 2013 Mitch Daniels
27%
Nobel Prize winning physicist known for his work in quantum physics Richard Feynman
27%
First president of South Korea from 1948 to 1960 Syngman Rhee
27%
Playwright and novelist, "Our Town" "The Eighth Day" "The Skin of Our Teeth" Thornton Wilder
27%
Senator from Tennessee from 1995 to 2007 and Senate Majority Leader from 2003 to 2007 Bill Frist
18%
Governor of New York from 2007 to 2008 Eliot Spitzer
18%
CEO of Google from 2001 to 2011 and later executive chairman of the parent company Alphabet Eric Schmidt
18%
General manager of the Minnesota Vikings since 2022 Kwesi Adofo-Mensah
18%
Filipino journalist who received the 2021 Nobel Peace Prize Maria Ressa
18%
Senator from Maryland from 1977 to 2007 Paul Sarbanes
18%
President of Peru from 2016 to 2018 Pedro Pablo Kuczynski
18%
Commander of the Apollo 12 space mission and third person to walk on the moon Pete Conrad
18%
First African-American billionaire and former owner of the Charlotte Bobcats Robert L. Johnson
18%
Director of the FBI from 2001 to 2013 Robert Mueller
18%
Foreign minister of Saudi Arabia from 1975 to 2015 and member of the Saudi royal family Saud bin Faisal Al Saud
18%
Actor known for his role as Michael Scofield in "Prison Break" Wentworth Miller
18%
Chairman of Ford since 1999 and vice chairman of the Detroit Lions William Clay Ford Jr.
18%
No matching quizzes found
Score Distribution
Percent of People with Each Score
Percentile by Number Answered
Your Score History
You have not taken this quiz